Integral transforms in mathematical physics /

Guardado en:
Autor Principal: Tranter, C. J.
Formato: Libro
Idioma:English
Publicado: London : Methuen, 1956.
Edición:2nd enl. ed.
Series:Methuen's monographs on physical subjects
Etiquetas: Agregar Etiqueta
Sin Etiquetas, Sea el primero en etiquetar este registro!
LEADER 00610nam a22001815a 4500
001 MAT.inmabb000549
008 031118s1956####enk######b####001#0#eng#d
005 20160805174220.0
245 1 0 |a Integral transforms in mathematical physics /  |c C.J. Tranter. 
250 |a 2nd enl. ed. 
260 |a London :  |b Methuen,  |c 1956. 
300 |a ix, 133 p. ;  |c 18 cm. 
440 0 |a Methuen's monographs on physical subjects 
504 |a Incluye referencias bibliográficas (p. 123-129) e índice. 
510 4 |a MR,  |c 18,127a 
100 1 |a Tranter, C. J.  |q (Clement John) 
010 |a  56058096  
859 |h 44  |i T772  |p A-312  |b BIB. MATEMATICA